Investovanie Číny vo svete diplomová práca

Gespeichert in:
Bibliographische Detailangaben
1. Verfasser: Kmeť, Branislav
Körperschaft: Obchodná fakulta EU. Katedra medzinárodného obchodu
Weitere Verfasser: Obadi, Saleh Mothana
Format: Buch
Sprache:Slowakisch
Veröffentlicht: Bratislava 2009
Tags: Tag hinzufügen
Keine Tags, Fügen Sie das erste Tag hinzu!

MARC

LEADER 00000nam$a2200000$$$4500
001 0100795
005 20230113120458.1
041 0 |a slo 
044 |a SK 
245 1 0 |a Investovanie Číny vo svete  |b diplomová práca  |c Branislav Kmeť ; škol. Saleh Mothana Obadi 
264 1 |a Bratislava  |c 2009 
300 |a 76 s. 
100 1 |a Kmeť, Branislav 
700 1 |a Obadi, Saleh Mothana 
710 2 |a Obchodná fakulta EU. Katedra medzinárodného obchodu